<?xml version="1.0" encoding="UTF-8"?><?xml-stylesheet type="text/xsl" href="static/style.xsl"?><OAI-PMH xmlns="http://www.openarchives.org/OAI/2.0/" xmlns:xsi="http://www.w3.org/2001/XMLSchema-instance" xsi:schemaLocation="http://www.openarchives.org/OAI/2.0/ http://www.openarchives.org/OAI/2.0/OAI-PMH.xsd"><responseDate>2026-06-05T15:30:05Z</responseDate><request verb="GetRecord" identifier="oai:riuma.uma.es:10630/28576" metadataPrefix="marc">https://riuma.uma.es/rest/oai/request</request><GetRecord><record><header><identifier>oai:riuma.uma.es:10630/28576</identifier><datestamp>2026-02-03T12:39:52Z</datestamp><setSpec>com_10630_2254</setSpec><setSpec>col_10630_37957</setSpec></header><metadata><record xmlns="http://www.loc.gov/MARC21/slim" xmlns:dcterms="http://purl.org/dc/terms/" xmlns:doc="http://www.lyncode.com/xoai" xmlns:xsi="http://www.w3.org/2001/XMLSchema-instance" xsi:schemaLocation="http://www.loc.gov/MARC21/slim http://www.loc.gov/standards/marcxml/schema/MARC21slim.xsd">
   <leader>00925njm 22002777a 4500</leader>
   <datafield ind2=" " ind1=" " tag="042">
      <subfield code="a">dc</subfield>
   </datafield>
   <datafield ind2=" " ind1=" " tag="720">
      <subfield code="a">Pastor-Martín, Francisco</subfield>
      <subfield code="e">author</subfield>
   </datafield>
   <datafield ind2=" " ind1=" " tag="260">
      <subfield code="c">2024</subfield>
   </datafield>
   <datafield ind2=" " ind1=" " tag="520">
      <subfield code="a">The world of robotics has been growing exponentially over the last decades. Recent advances in control techniques, sensors, and actuators, as well as improvements in the ability to interpret the surrounding environment through the use of Artificial Intelligence (AI) are enhancing the concept of intelligent robots day by day. In a humanity-centered world, advances in robotics are mainly focused on the interaction between humans and robots. Based on this premise, robots should be able to generate interaction strategies for cooperation and coaction with humans, and plan motions that take into account our needs and safety. However, to perform these procedures, robots should be capable of perceiving the world around them. One of the most important senses we humans have to interact with the surrounding environment is the sense of touch. The word haptic refers to everything that is related to the sense of touch. We can define the haptic term as the sensations that encompass tactile and kinesthetic perception. Haptic perception is almost indispensable for physically interacting with the world around us. Therefore, it is critical to design end-effectors for robots with sensors that perceive sensations analogous to haptic perception. It is also necessary to interpret the perceived information to act accordingly.</subfield>
   </datafield>
   <datafield ind1="8" ind2=" " tag="024">
      <subfield code="a">https://hdl.handle.net/10630/28576</subfield>
   </datafield>
   <datafield tag="653" ind2=" " ind1=" ">
      <subfield code="a">Inteligencia artificial - Tesis doctorales</subfield>
   </datafield>
   <datafield ind2="0" ind1="0" tag="245">
      <subfield code="a">Learning-based Haptic Perception in Robotic Grippers: Design and Applications</subfield>
   </datafield>
</record>
</metadata></record></GetRecord></OAI-PMH>